[Event "GER-chT Lands U20"]
[Site "Hannover"]
[Date "2023.10.04"]
[Round "6"]
[White "Wilmink, Anna"]
[Black "Bezsonna, Polina"]
[Result "1-0"]
[WhiteElo "1724"]
[BlackElo "1783"]
[PlyCount "45"]
[EventDate "2023.10.01"]
[EventType "team-swiss"]
[EventRounds "7"]
[EventCountry "GER"]
[SourceTitle "EXT 2024"]
[Source "ChessBase"]
[SourceDate "2023.10.10"]
[SourceVersion "1"]
[SourceVersionDate "2023.10.10"]
[SourceQuality "1"]

1. e4 c5 2. Nf3 Nc6 3. d4 cxd4 4. Nxd4 g6 5. c4 Bg7 6. Be3 Nf6 7. Nc3 d6 8. f3 0-0 9. Be2 Bd7 10. Nc2 Qa5 11. 0-0 Rfc8 12. Rb1 Ne8 13. Qd2 Bxc3 14. bxc3 Qc7 15. Nb4 Rcb8 16. c5 Nxb4 17. cxb4 dxc5 18. Bxc5 e5 19. Rbc1 Qd8 20. Rfd1 Be6 21. Qh6 Qxd1+ 22. Rxd1 Ng7 23. Bd6 1-0

[Event "GER-chT Lands U20"]
[Site "Hannover"]
[Date "2023.10.01"]
[Round "2"]
[White "Kateryniuk, Ivan"]
[Black "Bezsonna, Polina"]
[Result "1-0"]
[WhiteElo "1561"]
[BlackElo "1783"]
[PlyCount "73"]
[EventDate "2023.10.01"]
[EventType "team-swiss"]
[EventRounds "7"]
[EventCountry "GER"]
[SourceTitle "EXT 2024"]
[Source "ChessBase"]
[SourceDate "2023.10.10"]
[SourceVersion "1"]
[SourceVersionDate "2023.10.10"]
[SourceQuality "1"]

1. e4 c5 2. c3 g6 3. d4 cxd4 4. cxd4 d5 5. exd5 Nf6 6. Nf3 Bg7 7. Nc3 0-0 8. Bc4 a6 9. a4 Bf5 10. 0-0 Nbd7 11. a5 Qc7 12. Bd3 Bxd3 13. Qxd3 Rfe8 14. Re1 Rad8 15. Ne5 Nxe5 16. dxe5 Nd7 17. f4 f6 18. e6 Nc5 19. Qc4 Nxe6 20. Qa2 Qc5+ 21. Be3 Nd4 22. Rad1 f5 23. Qa4 e5 24. Bxd4 exd4 25. Rxe8+ Rxe8 26. Qxe8+ Bf8 27. Qe6+ Kh8 28. Na4 Qc2 29. Qe5+ Kg8 30. Qxd4 Bg7 31. Qd3 Qxa4 32. d6 Qxf4 33. d7 Bf6 34. d8Q+ Bxd8 35. Qxd8+ Kg7 36. Qe7+ Kh6 37. g3 1-0

[Event "Rhein Main op-B 25th"]
[Site "Bad Homburg"]
[Date "2023.06.10"]
[Round "6"]
[White "Ritter, Uwe"]
[Black "Bezsonna, Polina"]
[Result "0-1"]
[WhiteElo "1872"]
[BlackElo "1629"]
[PlyCount "88"]
[EventDate "2023.06.07"]
[EventType "swiss"]
[EventRounds "7"]
[EventCountry "GER"]
[SourceTitle "CBM 215 Extra"]
[Source "ChessBase"]
[SourceDate "2023.09.30"]
[SourceVersion "1"]
[SourceVersionDate "2023.09.30"]
[SourceQuality "1"]

1. e4 c5 2. Nf3 Nc6 3. d4 cxd4 4. Nxd4 g6 5. c4 Bg7 6. Be3 Nf6 7. Nc3 b6 8. Be2 0-0 9. 0-0 Bb7 10. Nxc6 dxc6 11. c5 Qc7 12. Qc2 b5 13. b4 a5 14. a3 axb4 15. axb4 Rxa1 16. Rxa1 Nxe4 17. Qxe4 Bxc3 18. Ra3 Bg7 19. Ra7 Qb8 20. Ra3 e5 21. Qh4 f6 22. g4 e4 23. Bh6 Rd8 24. Bxg7 Kxg7 25. Rh3 Rh8 26. Qh6+ Kf7 27. Bd1 Bc8 28. Bb3+ Be6 29. Qd2 Qc8 30. Bxe6+ Qxe6 31. Qf4 g5 32. Qc7+ Kg6 33. Rg3 Rc8 34. Qb7 Rd8 35. Kg2 Rd3 36. Qa8 Rd4 37. Qa5 e3 38. fxe3 Rd2+ 39. Kh3 h5 40. Qc7 hxg4+ 41. Rxg4 f5 42. Rxg5+ Kxg5 43. Qg7+ Qg6 44. Qe7+ Qf6 0-1

[Event "Rhein Main op-B 25th"]
[Site "Bad Homburg"]
[Date "2023.06.08"]
[Round "2"]
[White "Feick, Claas Marten"]
[Black "Bezsonna, Polina"]
[Result "0-1"]
[WhiteElo "1570"]
[BlackElo "1629"]
[PlyCount "84"]
[EventDate "2023.06.07"]
[EventType "swiss"]
[EventRounds "7"]
[EventCountry "GER"]
[SourceTitle "CBM 215 Extra"]
[Source "ChessBase"]
[SourceDate "2023.09.30"]
[SourceVersion "1"]
[SourceVersionDate "2023.09.30"]
[SourceQuality "1"]

1. d4 c5 2. c3 e6 3. Bf4 d5 4. Nf3 Nc6 5. e3 h6 6. Bd3 c4 7. Be2 b5 8. a3 Nf6 9. h4 a5 10. Nbd2 Bd7 11. Ne5 Nxe5 12. dxe5 Ne4 13. Nxe4 dxe4 14. Qc2 Bc6 15. Rd1 Qb6 16. a4 Bc5 17. 0-0 0-0 18. axb5 Qxb5 19. f3 exf3 20. Bxf3 Bxf3 21. Rxf3 Qb3 22. Qe2 Kh7 23. Rd7 Rad8 24. Rc7 Qb6 25. Qc2+ g6 26. Rxf7+ Rxf7 27. h5 Rd3 28. hxg6+ Kxg6 29. Rg3+ Kh7 30. Kh1 Qb3 31. Qf2 Qd1+ 32. Kh2 Rd2 33. Qf3 Qxf3 34. Rxf3 Rxb2 35. Rh3 Kg8 36. Bxh6 Rh7 37. Rg3+ Kf7 38. Rf3+ Ke8 39. Rf6 Kd7 40. Kg3 a4 41. Bf4 a3 42. Rf8 Bxf8 0-1

[Event "GER-ch U14 Girls"]
[Site "Willingen"]
[Date "2023.05.31"]
[Round "6"]
[White "Chandrasekher, Ritu"]
[Black "Bezsonna, Polina"]
[Result "0-1"]
[WhiteElo "1268"]
[BlackElo "1629"]
[PlyCount "132"]
[EventDate "2023.05.27"]
[EventType "swiss"]
[EventRounds "9"]
[EventCountry "GER"]
[SourceTitle "CBM 214 Extra"]
[Source "ChessBase"]
[SourceDate "2023.07.31"]
[SourceVersion "1"]
[SourceVersionDate "2023.07.31"]
[SourceQuality "1"]

1. d4 c5 2. d5 Nf6 3. Nc3 g6 4. e4 d6 5. Bd3 Bg7 6. Bf4 0-0 7. Qd2 b6 8. h4 h5 9. Nf3 Na6 10. Bh6 Nc7 11. 0-0-0 b5 12. Bxg7 Kxg7 13. Ng5 c4 14. Be2 a5 15. Qd4 Re8 16. g4 Rh8 17. gxh5 gxh5 18. Rhg1 Kf8 19. e5 dxe5 20. Qxe5 Qd6 21. Qd4 Bf5 22. Nge4 Bxe4 23. Nxe4 Qf4+ 24. Kb1 Qxe4 25. Qxe4 Nxe4 26. f3 Nd6 27. f4 Rd8 28. Rg5 Ne4 29. Re5 Nf6 30. Bf3 Rd6 31. c3 Rg8 32. Bxh5 Nxh5 33. Rxh5 Rg4 34. Rh1 Rxd5 35. Rxd5 Nxd5 36. h5 Kg7 37. f5 Nf6 38. h6+ Kh7 39. Kc1 Rf4 40. b3 cxb3 41. axb3 Rxf5 42. Kb2 Nh5 43. Re1 e6 44. c4 bxc4 45. bxc4 Kxh6 46. Rc1 Rc5 47. Kc3 Ng3 48. Kd4 Ne2+ 49. Kxc5 Nxc1 50. Kb5 Nd3 51. Kxa5 f5 52. Ka4 f4 53. Kb3 Nc5+ 54. Kc3 e5 55. Kd2 Kg5 56. Ke2 e4 57. Kf2 Kf5 58. Ke2 Ke5 59. Kf2 Kd4 60. Ke2 f3+ 61. Kf2 Kd3 62. Ke1 e3 63. Kf1 Kd2 64. Kg1 e2 65. Kh2 e1Q 66. Kh3 Ne4 0-1

[Event "GER-chT Lands U20"]
[Site "Wiesbaden"]
[Date "2022.10.03"]
[Round "5.4"]
[White "Bezsonna, Polina"]
[Black "Czaeczine, Paula"]
[Result "1-0"]
[WhiteElo "1649"]
[BlackElo "1322"]
[PlyCount "79"]
[EventDate "2022.09.30"]
[EventType "team-swiss"]
[EventRounds "7"]
[EventCountry "GER"]
[SourceTitle "CBM 210 Extra"]
[Source "ChessBase"]
[SourceDate "2022.11.30"]
[SourceVersion "1"]
[SourceVersionDate "2022.11.30"]
[SourceQuality "1"]
[WhiteTeam "Hessen U20"]
[BlackTeam "Sachsen U20"]
[WhiteTeamCountry "GER"]
[BlackTeamCountry "GER"]

1. e4 e5 2. Nf3 Nc6 3. d4 exd4 4. Bc4 Nf6 5. e5 d5 6. Bb5 Ne4 7. Nxd4 Bd7 8. Bxc6 bxc6 9. 0-0 Bc5 10. f3 Ng5 11. f4 Ne4 12. Be3 0-0 13. Nd2 Nxd2 14. Qxd2 Qe7 15. Rae1 Bb6 16. c3 Rad8 17. f5 f6 18. exf6 Qxf6 19. Bg5 Qf7 20. Bxd8 Rxd8 21. Kh1 Bxd4 22. Qxd4 a6 23. f6 Rf8 24. Rf3 gxf6 25. Ref1 Qe7 26. Rxf6 Rxf6 27. Qxf6 Qxf6 28. Rxf6 Kg7 29. Rf4 Kg6 30. Kg1 h5 31. Kf2 Bf5 32. Rb4 Kf6 33. Rb7 Ke6 34. Rxc7 Kd6 35. Ra7 Bd3 36. Ke3 Bf1 37. g3 c5 38. Rh7 Bc4 39. b3 Bb5 40. Rxh5 1-0

[Event "Rhein Main op-B 24th"]
[Site "Bad Homburg"]
[Date "2022.06.18"]
[Round "5"]
[White "Bezsonna, Polina"]
[Black "Schimmer, Michael"]
[Result "1-0"]
[WhiteElo "1511"]
[BlackElo "1685"]
[PlyCount "57"]
[EventDate "2022.06.15"]
[EventType "swiss"]
[EventRounds "7"]
[EventCountry "GER"]
[SourceTitle "EXT 2023"]
[Source "ChessBase"]
[SourceDate "2022.10.05"]
[SourceVersion "1"]
[SourceVersionDate "2022.10.05"]
[SourceQuality "1"]

1. e4 c5 2. Nf3 Nc6 3. d4 cxd4 4. Nxd4 d6 5. Nc3 Nf6 6. f3 e6 7. Bc4 Be7 8. Be3 0-0 9. Bb3 d5 10. exd5 Nxd5 11. Nxd5 exd5 12. Qd2 a5 13. a3 a4 14. Ba2 Nxd4 15. Bxd4 Bg5 16. f4 Re8+ 17. Kf2 Bh6 18. Rhe1 Be6 19. Kg1 Rc8 20. Re2 Qd7 21. Rae1 Red8 22. h3 Bf5 23. c3 Be4 24. Bb6 Qd6 25. Bxd8 Bxf4 26. Rxe4 Bxd2 27. Re8+ Qf8 28. Rxf8+ Kxf8 29. Re2 1-0

[Event "GER-ch U14 Girls"]
[Site "Willingen"]
[Date "2022.06.08"]
[Round "6"]
[White "Wartenberg, Alissa"]
[Black "Bezsonna, Polina"]
[Result "1/2-1/2"]
[WhiteElo "1790"]
[BlackElo "1511"]
[PlyCount "125"]
[EventDate "2022.06.04"]
[EventType "swiss"]
[EventRounds "9"]
[EventCountry "GER"]
[SourceTitle "CBM 208 Extra"]
[Source "ChessBase"]
[SourceDate "2022.07.31"]
[SourceVersion "1"]
[SourceVersionDate "2022.07.31"]
[SourceQuality "1"]

1. e4 c5 2. Nf3 Nc6 3. d4 cxd4 4. Nxd4 g6 5. c4 Bg7 6. Be3 Nf6 7. Nc3 0-0 8. f3 b6 9. Qd2 Bb7 10. Be2 e6 11. 0-0-0 Rc8 12. g4 d5 13. Qe1 Qe7 14. Nxc6 Bxc6 15. Bg5 dxe4 16. fxe4 Qb4 17. a3 Qc5 18. Bxf6 Bxf6 19. Bd3 Qg5+ 20. Qd2 Qxg4 21. Rhg1 Qh4 22. Rde1 Be5 23. Rgf1 Qxh2 24. Ne2 Bg7 25. Rh1 Qe5 26. Nc3 Rfd8 27. Rh3 b5 28. Qe2 bxc4 29. Bxc4 Qf4+ 30. Kc2 Bxc3 31. Rxc3 Rb8 32. Bb3 Bb5 33. Qg2 Bd3+ 34. Rxd3 Rxd3 35. Kxd3 Rxb3+ 36. Kc2 Qb8 37. Kc1 Qc7+ 38. Kb1 Rb8 39. Rh1 Qe5 40. Rc1 h5 41. Rf1 Kg7 42. Rf2 Rd8 43. Qf3 Rd7 44. Ka1 Qd4 45. Rf1 f6 46. Qg2 g5 47. Rh1 Qd3 48. e5 Qd5 49. exf6+ Kxf6 50. Rf1+ Kg7 51. Qf2 Qf5 52. Qe2 Qg6 53. Qe5+ Kh7 54. Ka2 Rf7 55. Rxf7+ Qxf7 56. Qxg5 a6 57. Ka1 Qf1+ 58. Ka2 Qf5 59. Qe3 Kg6 60. Qg3+ Qg5 61. Qd3+ Qf5 62. Qg3+ Qg5 63. Qd3+ 1/2-1/2